Statistics for Countries closest to United States except North America

Click here to take the quiz!

General Stats

  • This quiz has been taken 49 times
  • The average score is 4 of 5

Answer Stats

MilesAnswerKilometers% Correct
2Russia3.2
95%
1053Colombia1695
83%
1121Venezuela1804
83%
1366Japan2198
81%
1035Kiribati1666
69%

Score Distribution

Percentile by Number Answered

Percent of People with Each Score

Your Score History

You have not taken this quiz